[Event "Ñandu Loco"]
[Site "SchemingMind.com"]
[Date "2009.06.20"]
[Round "-"]
[White "Quanah4"]
[Black "Miael_"]
[Result "1/2-1/2"]
[WhiteCountry "USA"]
[BlackCountry "ARG"]
[WhiteElo "1656"]
[WhiteRD "80"]
[BlackElo "1823"]
[BlackRD "81"]
[GameID "209352"]

1. d4 d5 2. e3 Nf6 3. Nf3 Nc6 4. c4 Bg4 5. Nbd2 e6 6. Be2 Bb4 7. O-O Bxd2 8. Nxd2 h5 9. cxd5 exd5 10. h3 Bxe2
11. Qxe2 O-O 12. b3 Re8 13. Bb2 Re6 14. f3 Qd6 15. f4 Rae8 16. Rf3 Nd7 17. Re1 Nf6 18. Qd1 Ne4 19. Nxe4 Rxe4 20. Qd2 R4e6
21. Qc1 Nb4 22. Qb1 a5 23. Ba3 Qd8 24. Bc1 Qd6 25. Ba3 Qd8 26. Bc1 Qd6 27. Ba3=
1/2-1/2

[Event "Ñandu Loco"]
[Site "SchemingMind.com"]
[Date "2009.06.21"]
[Round "-"]
[White "Miael_"]
[Black "Quanah4"]
[Result "0-1"]
[WhiteCountry "ARG"]
[BlackCountry "USA"]
[WhiteElo "1823"]
[WhiteRD "81"]
[BlackElo "1656"]
[BlackRD "80"]
[GameID "209353"]

1. e4 c5 2. Nf3 g6 3. d4 cxd4 4. Nxd4 Bg7 5. Nc3 e6 6. Bc4 Ne7 7. Rb1 d5 8. exd5 exd5 9. Bb3 O-O 10. O-O Nbc6
11. Nxc6 bxc6 12. Re1 Bxc3 13. bxc3 Be6 14. Ba3 Re8 15. Bc5 Nf5 16. Ba4 Qc7 17. Qd2 Qa5 18. Bxc6 Qxc5 19. Bxa8 Rxa8 20. Rb7 Nd6
21. Rb3 Qc7 22. Qf4 Ne8 23. Qxc7 Nxc7 24. Rb7 Ne8 25. h3 a6 26. Rb6 Nc7 27. a4 Kf8 28. Rb7 Ne8 29. Rb6 Nc7 30. Rb7 Rc8
31. Re3 Ne8 32. Ra7 Nc7 33. Rb7 Ne8
0-1

[Event "Ñandu Loco"]
[Site "SchemingMind.com"]
[Date "2009.06.20"]
[Round "-"]
[White "fouche"]
[Black "Miael_"]
[Result "1/2-1/2"]
[WhiteCountry "COL"]
[BlackCountry "ARG"]
[WhiteElo "1630"]
[WhiteRD "61"]
[BlackElo "1829"]
[BlackRD "84"]
[GameID "209354"]

1. e4 c6 2. d4 d5 3. Nc3 dxe4 4. Nxe4 Nd7 5. Nf3 Ngf6 6. Bd3 Nxe4 7. Bxe4 Nf6 8. Qe2 Nxe4 9. Qxe4 Be6 10. Bd2 Bd5
11. Qf4 e6 12. O-O Bd6 13. Qg4 O-O 14. b3 Bxf3 15. Qxf3 Qh4 16. g3 Qxd4 17. Rad1 Qd5 18. Qxd5 cxd5 19. Bc1 Be5 20. c4 d4
21. Bb2 Rad8 22. Rd3 Bf6 23. f4 Rd7 24. Rfd1 Rfd8 25. Kf2 Kf8 26. Kf3 e5 27. fxe5 Bxe5 28. Ke4 f6 29. Bxd4 Bxd4 30. Rxd4 Rxd4+
31. Rxd4 Rxd4+ 32. Kxd4 Ke7 33. Kd5 h5 34. b4 f5 35. h4 Kf6 36. Kd6 g5 37. c5 gxh4 38. gxh4 f4 39. b5 f3 40. c6 bxc6
41. bxc6 f2 42. c7 f1=Q 43. c8=Q Qd3+ 44. Kc7 Qc4+ 45. Kb7 Qxc8+ 46. Kxc8 Kf5 47. a4 Kg4=
1/2-1/2

[Event "Ñandu Loco"]
[Site "SchemingMind.com"]
[Date "2009.06.20"]
[Round "-"]
[White "fouche"]
[Black "Quanah4"]
[Result "1-0"]
[WhiteCountry "COL"]
[BlackCountry "USA"]
[WhiteElo "1630"]
[WhiteRD "61"]
[BlackElo "1631"]
[BlackRD "76"]
[GameID "209355"]

1. d4 d5 2. c4 Nf6 3. Nc3 e6 4. Nf3 c5 5. e3 Nc6 6. cxd5 exd5 7. dxc5 Bxc5 8. Bb5 O-O 9. O-O Bd7 10. a3 a6
11. Ba4 Be6 12. b4 Be7 13. Bb2 b5 14. Bb3 Qc7 15. Rc1 Rfd8 16. Ne2 Qb7 17. Ned4 Rac8 18. Qd2 Ne4 19. Qe2 h6 20. Nxc6 Rxc6
21. Rxc6 Qxc6 22. Rc1 Qb7 23. Qd1 Nd6 24. Nd4 Bf6 25. Nxe6 fxe6 26. Bxf6 gxf6 27. Qg4+ Kf7 28. Qh5+ Kg7 29. Bc2 Qf7 30. Qg4+ Kf8
31. Bd3 Ke7 32. Qd4 Ke8 33. Qb6 Qb7 34. Bg6+ Ke7 35. Rc7+ Qxc7 36. Qxc7+ Rd7 37. Qc5 Rd8 38. f4 Rg8 39. Bh5 Kd7 40. Qa7+ Kc6
41. Qxa6+ Kd7 42. a4 Ne4 43. Qxb5+ Kd6 44. Be8 Ke7 45. Qd7+
1-0

[Event "Ñandu Loco"]
[Site "SchemingMind.com"]
[Date "2009.06.21"]
[Round "-"]
[White "Miael_"]
[Black "fouche"]
[Result "0-1"]
[WhiteCountry "ARG"]
[BlackCountry "COL"]
[WhiteElo "1823"]
[WhiteRD "81"]
[BlackElo "1628"]
[BlackRD "65"]
[GameID "209356"]

1. e4 e5 2. Nf3 Nf6 3. Nc3 Nc6 4. Bb5 d6 5. d3 Bd7 6. O-O Be7 7. h3 a6 8. Bc4 O-O 9. Nd5 Na5 10. Nd2 c6
11. Nxe7+ Qxe7 12. a4 Nxc4 13. Nxc4 b5 14. Nb6 Ra7 15. axb5 cxb5 16. Be3 Rb7 17. Nxd7 Qxd7 18. Rxa6 Rc8 19. Bg5 Ne8 20. Re1 f6
21. Be3 b4 22. Re2 Qb5 23. Ra1 Rbc7 24. d4 b3 25. cxb3 Rb8 26. Ra3 Qc6 27. d5 Qd7 28. Kf1 Kf7
0-1

[Event "Ñandu Loco"]
[Site "SchemingMind.com"]
[Date "2009.06.20"]
[Round "-"]
[White "Quanah4"]
[Black "fouche"]
[Result "0-1"]
[WhiteCountry "USA"]
[BlackCountry "COL"]
[WhiteElo "1656"]
[WhiteRD "80"]
[BlackElo "1628"]
[BlackRD "65"]
[GameID "209357"]

1. d4 d5 2. e3 Nf6 3. c4 e6 4. Nf3 c6 5. Nc3 Nbd7 6. Be2 Bd6 7. c5 Bc7 8. O-O O-O 9. Qc2 a6 10. b4 e5
11. Bb2 e4 12. Nd2 h5 13. Rac1 Bxh2+ 14. Kxh2 Ng4+ 15. Bxg4 hxg4 16. f4 Qh4+ 17. Kg1 g3 18. Rf3 Qh2+ 19. Kf1 Qh1+ 20. Ke2 Qxg2+
21. Ke1 exf3 22. Nxf3 Qxf3 23. Qe2 Qh1+ 24. Kd2 Qh3 25. Qf3 Nf6 26. Rg1 Nh5 27. Ne2 Bg4 28. Qg2 Qh2 29. Qxh2 gxh2 30. Rh1 Bxe2
31. Kxe2 Ng3+ 32. Kf3 Nxh1
0-1

[Event "Ñandu Loco"]
[Site "SchemingMind.com"]
[Date "2009.06.27"]
[Round "-"]
[White "Ronald R. Nurmi"]
[Black "Miael_"]
[Result "0-1"]
[WhiteCountry "USA"]
[BlackCountry "ARG"]
[WhiteElo "1739"]
[WhiteRD "71"]
[BlackElo "1823"]
[BlackRD "81"]
[GameID "210292"]

1. d4 d5 2. Bf4 Nf6 3. e3 Nc6 4. c4 Bg4 5. f3 Be6 6. Bd3 dxc4 7. Bc2 Nb4 8. Qd2 Nxc2+ 9. Qxc2 Nd5 10. Ne2 c6
11. Nd2 Nb4 12. Qc3 Nd3+ 13. Kf1 b5 14. a3 Bd5 15. e4 Be6 16. Be3 a5 17. b3 b4 18. Qc2 bxa3 19. Rxa3 Nb4 20. Qc3 cxb3
21. Nxb3 Bxb3 22. Rxb3 e5 23. Kf2 exd4 24. Nxd4 Qf6 25. Ra1 Be7 26. Nf5 Qxc3 27. Rxc3 Bf6 28. Bd4 Rg8 29. Bxf6 gxf6 30. g3 Kd7
31. Ra4 Ra6 32. Rc5 Nd3+
0-1

[Event "Ñandu Loco"]
[Site "SchemingMind.com"]
[Date "2009.06.27"]
[Round "-"]
[White "Ronald R. Nurmi"]
[Black "fouche"]
[Result "0-1"]
[WhiteCountry "USA"]
[BlackCountry "COL"]
[WhiteElo "1739"]
[WhiteRD "71"]
[BlackElo "1628"]
[BlackRD "65"]
[GameID "210293"]

1. d4 d5 2. Nf3 Nf6 3. Bf4 e6 4. e3 c5 5. c3 Nc6 6. Nbd2 c4 7. Be2 Bd6 8. Ne5 O-O 9. Ndf3 Bd7 10. O-O Ne4
11. Nxd7 Qxd7 12. Bxd6 Qxd6 13. Qc2 f6 14. Rfd1 f5 15. Nh4 g5 16. Nf3 Rf7 17. g3 Rg7 18. Nd2 Rf8 19. Nxe4 fxe4 20. Bf1 h5
21. h3 Ne7 22. Qe2 Rh7 23. Bg2 Rf6 24. Rf1 b5 25. a3 a5 26. Qd1 Rg6 27. Qe1 g4 28. h4 Nf5 29. Rc1 Rgg7 30. Kh2 Nxh4
31. Rh1 Nf3+
0-1

[Event "Ñandu Loco"]
[Site "SchemingMind.com"]
[Date "2009.06.28"]
[Round "-"]
[White "Ronald R. Nurmi"]
[Black "Quanah4"]
[Result "1-0"]
[WhiteCountry "USA"]
[BlackCountry "USA"]
[WhiteElo "1724"]
[WhiteRD "74"]
[BlackElo "1631"]
[BlackRD "76"]
[GameID "210294"]

1. d4 d5 2. Bf4 e6 3. e3 Nf6 4. Nd2 Nbd7 5. Ngf3 c5 6. c3 g6 7. Bd3 c4 8. Bc2 Bg7 9. b3 b5 10. bxc4 bxc4
11. Ba4 O-O 12. Bc6 Ba6 13. Bxa8 Qxa8 14. Ne5 Nxe5 15. Bxe5 Nd7 16. Bxg7 Kxg7 17. O-O Qc6 18. Rb1 Nb6 19. Nf3 f6 20. Rb4 Rb8
21. Qb1 Bc8 22. Qc2 Bd7 23. h3 Qc7 24. Rfb1 a5 25. R4b2 Ba4 26. Qe2 Bc6 27. Ne1 Nd7 28. Rxb8 Nxb8 29. Qb2 Nd7 30. Qa3 Kf7
31. Nc2 h5 32. Qb2 f5 33. Na3 Qd8 34. Nb5 Nf6 35. f3 Qd7 36. Na3 Kg7 37. Qb6 a4 38. Nb5 Bxb5 39. Qxb5 Qxb5 40. Rxb5 Kf7
41. Ra5 Nd7 42. Rxa4 Nb6 43. Rb4 Nd7 44. a4 Kf6 45. a5 e5 46. a6 exd4 47. exd4 Nf8 48. a7 Nd7 49. a8=Q
1-0

[Event "Ñandu Loco"]
[Site "SchemingMind.com"]
[Date "2009.06.28"]
[Round "-"]
[White "Miael_"]
[Black "Ronald R. Nurmi"]
[Result "1-0"]
[WhiteCountry "ARG"]
[BlackCountry "USA"]
[WhiteElo "1823"]
[WhiteRD "81"]
[BlackElo "1739"]
[BlackRD "71"]
[GameID "210295"]

1. e4 d5 2. exd5 Qxd5 3. Nc3 Qd6 4. Nf3 Nf6 5. Bc4 a6 6. O-O b5 7. Bb3 Bb7 8. Re1 e6 9. Ng5 Qc6 10. Nce4 Nxe4
11. Rxe4 Qd7 12. Rf4 Bd5 13. Rxf7 Qc6 14. Bxd5 Qxd5 15. Qh5 g6 16. Qf3 Qxg5 17. Rxf8+ Rxf8 18. Qxa8 Kd7 19. Qe4 Nc6 20. d4 Qf6
21. Be3 Nb4 22. a4 Nd5 23. axb5 axb5 24. Qd3 Rb8 25. Bd2 c6 26. Ra7+ Nc7 27. Ba5 Rc8 28. Qg3 e5 29. dxe5 Qe6 30. Qd3+
1-0

[Event "Ñandu Loco"]
[Site "SchemingMind.com"]
[Date "2009.06.27"]
[Round "-"]
[White "fouche"]
[Black "Ronald R. Nurmi"]
[Result "1/2-1/2"]
[WhiteCountry "COL"]
[BlackCountry "USA"]
[WhiteElo "1628"]
[WhiteRD "65"]
[BlackElo "1739"]
[BlackRD "71"]
[GameID "210296"]

1. e4 d5 2. exd5 Qxd5 3. Nc3 Qd6 4. d4 Nf6 5. Nf3 a6 6. h3 Bf5 7. Bc4 e6 8. O-O Nc6 9. Be3 Be7 10. a3 O-O
11. Nh4 Ne4 12. Nxf5 Nxc3 13. Nxd6 Nxd1 14. Raxd1 Bxd6 15. Rd3 Ne7 16. Rfd1 c6 17. Ba2 Nd5 18. c4 Nxe3 19. fxe3 Rad8 20. e4 Bc7
21. d5 cxd5 22. exd5 Bb6+ 23. Kf1 exd5 24. Rxd5 Rxd5 25. cxd5 Rd8 26. Ke2 Kf8 27. Kd3 Ke7 28. Re1+ Kd6 29. b4 f6 30. Bb3 Bf2
31. Re6+ Kc7 32. Re7+ Rd7 33. Re8 Rd8 34. Re2 Bg3 35. Kc4 Be5 36. g4 Kd6 37. Kd3=
1/2-1/2

[Event "Ñandu Loco"]
[Site "SchemingMind.com"]
[Date "2009.06.28"]
[Round "-"]
[White "Quanah4"]
[Black "Ronald R. Nurmi"]
[Result "0-1"]
[WhiteCountry "USA"]
[BlackCountry "USA"]
[WhiteElo "1656"]
[WhiteRD "80"]
[BlackElo "1739"]
[BlackRD "71"]
[GameID "210297"]

1. d4 d5 2. e3 Nf6 3. c4 c6 4. Nf3 Bg4 5. Nbd2 Nbd7 6. Be2 e6 7. O-O Bd6 8. b3 Ne4 9. Qc2 f5 10. h3 h5
11. hxg4 hxg4 12. g3 Nxg3 13. fxg3 Bxg3 14. Rf2 Bxf2+ 15. Kxf2 gxf3 16. Bxf3 Rh2+ 17. Kf1 Qg5 18. Ke1 Qg1+ 19. Nf1 Rxc2 20. Bd2 O-O-O
21. Ke2 Rxd2+ 22. Kxd2 Rh8 23. Re1 Nf6 24. Kd1 g5 25. Nd2 Qh2 26. Re2 Qh4 27. Kc2 g4 28. Bg2 Nh5 29. Re1 Qxe1 30. a4 f4
31. exf4 Nxf4
0-1

[Event "Ñandu Loco"]
[Site "SchemingMind.com"]
[Date "2009.06.27"]
[Round "-"]
[White "crespov"]
[Black "Miael_"]
[Result "0-1"]
[WhiteCountry "CHI"]
[BlackCountry "ARG"]
[WhiteElo "1707"]
[WhiteRD "70"]
[BlackElo "1823"]
[BlackRD "81"]
[GameID "210298"]

1. c4 e5 2. Nc3 Nf6 3. g3 Nc6 4. Bg2 Bc5 5. e3 d6 6. Nge2 O-O 7. O-O Be6 8. a3 Bxc4 9. b4 Bb6 10. Bb2 Bd3
11. Re1 a6 12. Qb3 Bf5 13. Nd5 Nxd5 14. Bxd5 Qe7 15. Rac1 Be6 16. Bxe6 fxe6 17. Rcd1 Rf3 18. Qc2 Raf8 19. Rf1 Qf7 20. Nf4 exf4
21. exf4 e5 22. d3 exf4 23. Rd2 fxg3 24. hxg3 Rxg3+
0-1

[Event "Ñandu Loco"]
[Site "SchemingMind.com"]
[Date "2009.06.27"]
[Round "-"]
[White "crespov"]
[Black "fouche"]
[Result "1/2-1/2"]
[WhiteCountry "CHI"]
[BlackCountry "COL"]
[WhiteElo "1707"]
[WhiteRD "70"]
[BlackElo "1628"]
[BlackRD "65"]
[GameID "210299"]

1. e4 c5 2. Nf3 Nc6 3. d4 cxd4 4. Nxd4 Nf6 5. Nc3 e5 6. Nxc6 bxc6 7. Bg5 Be7 8. Bc4 O-O 9. O-O Bb7 10. Kh1 d5
11. exd5 cxd5 12. Bxf6 Bxf6 13. Nxd5 Bxd5 14. Bxd5 Rb8 15. Bb3 Qb6 16. c3 Rfd8 17. Qh5 g6 18. Qe2 Rd6 19. Qc4 Qb7 20. Rad1 Rbd8
21. Rxd6 Rxd6 22. Kg1 Kg7 23. Qc5 Rd2 24. Qa3 Be7 25. Qa4 Rxb2 26. Qc4 Bf6 27. Qd3 e4 28. Qe3 a5 29. h3 Qc6 30. Qa7 Bxc3
31. Qxf7+ Kh6 32. Qf4+ Kg7 33. Qf7+ Kh6= 34. Qf8+ Kg5 35. Qd8+ Qf6 36. Qd5+ Qf5 37. Qd8+ Kh6 38. Qh4+=
1/2-1/2

[Event "Ñandu Loco"]
[Site "SchemingMind.com"]
[Date "2009.06.28"]
[Round "-"]
[White "crespov"]
[Black "Quanah4"]
[Result "1-0"]
[WhiteCountry "CHI"]
[BlackCountry "USA"]
[WhiteElo "1726"]
[WhiteRD "74"]
[BlackElo "1631"]
[BlackRD "76"]
[GameID "210300"]

1. c4 c5 2. Nc3 g6 3. g3 Bg7 4. Bg2 e6 5. d3 Ne7 6. e4 Bxc3+ 7. bxc3 d5 8. cxd5 exd5 9. Bh6 Nbc6 10. Bg7 Rg8
11. Bh6 dxe4 12. Bxe4 Qd7 13. Bg2 Qe6+ 14. Qe2 Nf5 15. Bf4 Qxe2+ 16. Nxe2 Be6 17. O-O O-O-O 18. Rfd1 Bd5 19. a4 Bxg2 20. Kxg2 Rge8
21. Kf1 a5 22. Rab1 Nd6 23. Be3 c4 24. dxc4 Nxc4 25. Bd4 Kc7 26. Rb5 Nd6 27. Bb6+ Kc8 28. Rbd5 Nc4 29. Bxd8 Nxd8 30. Rc5+ Nc6
31. Rxc4 Kb8 32. Nd4 Ne5 33. Rc5 b6 34. Rd5 f5 35. Re1 Re7 36. Rexe5 Rxe5 37. Rxe5 h5 38. Re6 Kb7 39. Rxg6 Kc7 40. Nxf5 Kb7
41. g4 hxg4 42. Rxg4 Kc6 43. Rd4 Kc5 44. h4 b5 45. h5 bxa4 46. Rxa4 Kc6 47. Rxa5
1-0

[Event "Ñandu Loco"]
[Site "SchemingMind.com"]
[Date "2009.06.27"]
[Round "-"]
[White "crespov"]
[Black "Ronald R. Nurmi"]
[Result "1/2-1/2"]
[WhiteCountry "CHI"]
[BlackCountry "USA"]
[WhiteElo "1707"]
[WhiteRD "70"]
[BlackElo "1739"]
[BlackRD "71"]
[GameID "210301"]

1. d4 d5 2. c4 c6 3. Nf3 Nf6 4. e3 Bg4 5. Be2 Nbd7 6. O-O e6 7. Nc3 Bd6 8. c5 Bc7 9. Re1 O-O 10. a3 a5
11. Bd2 Re8 12. b4 axb4 13. axb4 b5 14. h3 Bf5 15. Nh4 Qc8 16. Nxf5 exf5 17. Bd3 Ne4 18. f3 Nxd2 19. Qxd2 g6 20. e4 fxe4
21. fxe4 dxe4 22. Nxe4 Kg7 23. Qc3 f6 24. Qc2 f5 25. Ng5 Rxa1 26. Rxa1 Nf6 27. Qf2 Nd5 28. Qh4 h6 29. Nf3 g5 30. Qf2 f4
31. Qb2 g4 32. Nh4 Ne3 33. d5+ Be5 34. Ra7+ Kf6 35. Qa2 Nxd5 36. Rh7 Bd4+ 37. Kf1 Ne3+ 38. Ke2 Nd5+ 39. Kf1 Ne3+=
1/2-1/2

[Event "Ñandu Loco"]
[Site "SchemingMind.com"]
[Date "2009.06.28"]
[Round "-"]
[White "Miael_"]
[Black "crespov"]
[Result "1-0"]
[WhiteCountry "ARG"]
[BlackCountry "CHI"]
[WhiteElo "1823"]
[WhiteRD "81"]
[BlackElo "1707"]
[BlackRD "70"]
[GameID "210302"]

1. e4 e5 2. Nf3 Nc6 3. d4 exd4 4. Nxd4 d5 5. Nxc6 bxc6 6. exd5 cxd5 7. Bb5+ Bd7 8. Qxd5 Nf6 9. Bxd7+ Nxd7 10. O-O Be7
11. Rd1 Nf6 12. Qc6+ Nd7 13. Rxd7 Qxd7 14. Qxa8+ Bd8 15. Nc3 O-O 16. Qxa7 Re8 17. Bf4 Qe7 18. Rf1 Qe1 19. Bxc7 Bf6 20. Nb5 h6
21. c3 Bg5 22. Nd6 Re7 23. Qa8+ Kh7 24. Nf5 Re6 25. h4
1-0

[Event "Ñandu Loco"]
[Site "SchemingMind.com"]
[Date "2009.06.28"]
[Round "-"]
[White "fouche"]
[Black "crespov"]
[Result "1/2-1/2"]
[WhiteCountry "COL"]
[BlackCountry "CHI"]
[WhiteElo "1628"]
[WhiteRD "65"]
[BlackElo "1707"]
[BlackRD "70"]
[GameID "210303"]

1. d4 Nf6 2. c4 e6 3. Nc3 c6 4. Bg5 Be7 5. Nf3 d5 6. e3 b6 7. Bd3 Bb7 8. Rc1 Nbd7 9. O-O O-O 10. Re1 Re8
11. Ne5 Nxe5 12. dxe5 Nd7 13. Bxe7 Qxe7 14. f4 f6 15. exf6 Nxf6 16. cxd5 cxd5 17. Ne2 Qb4 18. Rc2 Ng4 19. Ng3 Nf6 20. Qe2 Rac8
21. Rec1 Rxc2 22. Rxc2 Rc8 23. a3 Rxc2 24. Bxc2 Qc5 25. Qd3 g6 26. h3 Qc6 27. Qc3 Qxc3 28. bxc3 Kg7 29. Ne2 Nd7 30. Nd4 Kf6
31. Kf2 e5 32. fxe5+ Nxe5 33. g4 Nc4 34. a4 Na3 35. Bd3 Ke5 36. Ke2 a6 37. h4 Nc4 38. h5 Nb2 39. Bc2 Kf6 40. Kf3 Nc4
41. Kf4 g5+ 42. Kf3 Ne5+ 43. Kg3 h6 44. Nf5 Nf7 45. Kf2 Bc8 46. Ke2 Bd7 47. Kd2 Bxf5 48. Bxf5 Nd6 49. Bd3 a5 50. Kc2 Nc4
51. Bxc4 dxc4 52. Kd2 Ke5 53. Ke1 Ke4 54. Ke2 Ke5 55. Kf3 Kd5 56. e4+ Ke6 57. Ke2 Kd6 58. Kf3 Ke6=
1/2-1/2

[Event "Ñandu Loco"]
[Site "SchemingMind.com"]
[Date "2009.06.28"]
[Round "-"]
[White "Quanah4"]
[Black "crespov"]
[Result "0-1"]
[WhiteCountry "USA"]
[BlackCountry "CHI"]
[WhiteElo "1656"]
[WhiteRD "80"]
[BlackElo "1707"]
[BlackRD "70"]
[GameID "210304"]

1. d4 Nf6 2. c4 e6 3. e3 d5 4. Nf3 Be7 5. Nc3 c6 6. Qc2 Nbd7 7. Be2 h6 8. b3 O-O 9. O-O b6 10. cxd5 cxd5
11. Bb2 Bb7 12. Rfe1 Rc8 13. Rac1 Bb4 14. a3 Bxc3 15. Bxc3 Ne4 16. Nd2 Nxc3 17. Qb2 Nxe2+ 18. Rxe2 Ba6 19. Ree1 Nf6 20. h3 Re8
21. a4 Bb7 22. f3 a6 23. e4 dxe4 24. fxe4 b5 25. axb5 axb5 26. Rxc8 Qxc8 27. e5 Qc6 28. Nf3 Rc8 29. Kh2 Nd5 30. Re2 Nf4
31. Rd2 Nxg2 32. Kxg2 Qxf3+ 33. Kh2 Rc3 34. Rf2 Qxh3+ 35. Kg1 Qh1#
0-1

[Event "Ñandu Loco"]
[Site "SchemingMind.com"]
[Date "2009.06.28"]
[Round "-"]
[White "Ronald R. Nurmi"]
[Black "crespov"]
[Result "1/2-1/2"]
[WhiteCountry "USA"]
[BlackCountry "CHI"]
[WhiteElo "1739"]
[WhiteRD "71"]
[BlackElo "1707"]
[BlackRD "70"]
[GameID "210305"]

1. d4 d5 2. Bf4 Bf5 3. c4 e6 4. Nc3 a6 5. e3 Nc6 6. Nf3 Nb4 7. Rc1 Nf6 8. a3 Nc6 9. h3 Bd6 10. Ne5 O-O
11. Be2 Ne4 12. Nxe4 Bxe4 13. Nxc6 bxc6 14. Bxd6 cxd6 15. O-O Qg5 16. Bf3 Bf5 17. cxd5 cxd5 18. Bg4 Bg6 19. Rc6 Rfd8 20. f4 Qe7
21. b4 Qb7 22. Rc3 f5 23. Be2 Re8 24. Qc1 Rac8 25. Qb2 Rxc3 26. Qxc3 Rc8 27. Qb2 Be8 28. Rc1 Rxc1+ 29. Qxc1 Bb5 30. Bxb5 axb5
31. Kf2 Kf7 32. Ke2 Kf6 33. Kd3=
1/2-1/2

[Event "Ñandu Loco"]
[Site "SchemingMind.com"]
[Date "2009.06.27"]
[Round "-"]
[White "THart"]
[Black "Miael_"]
[Result "0-1"]
[WhiteCountry "USA"]
[BlackCountry "ARG"]
[WhiteElo "1764"]
[WhiteRD "70"]
[BlackElo "1823"]
[BlackRD "81"]
[GameID "210307"]

1. d4 d5 2. Nf3 Nc6 3. e3 Nf6 4. Bd3 Bg4 5. Nbd2 e5 6. dxe5 Nxe5 7. O-O Nxd3 8. cxd3 Bd6 9. h3 Bf5 10. e4 dxe4
11. dxe4 Nxe4 12. Qa4+ Qd7 13. Qxd7+ Kxd7 14. Nxe4 Bxe4 15. Ng5 Bg6 16. Be3 Rhe8 17. Rad1 Rad8 18. Nf3 Kc8 19. Nd4 Bc5 20. Nc2 Rxd1
21. Rxd1 Bxc2 22. Rc1 Bxe3 23. Rxc2 Bg5 24. Kf1 c6 25. b3 f5 26. g3 Kd7 27. Rc5 Ke6 28. f4 Be7 29. Re5+ Kf6 30. g4 g6
31. g5+ Kf7 32. Ke2 Bd6 33. Rxe8 Kxe8 34. Kf3 b5 35. h4 c5 36. h5 c4 37. hxg6 hxg6 38. bxc4 bxc4
0-1

[Event "Ñandu Loco"]
[Site "SchemingMind.com"]
[Date "2009.06.27"]
[Round "-"]
[White "THart"]
[Black "fouche"]
[Result "1-0"]
[WhiteCountry "USA"]
[BlackCountry "COL"]
[WhiteElo "1764"]
[WhiteRD "70"]
[BlackElo "1628"]
[BlackRD "65"]
[GameID "210308"]

1. d4 d5 2. Nf3 Nf6 3. e3 Bg4 4. Nbd2 e6 5. h3 Bh5 6. Bd3 c5 7. c3 Nc6 8. O-O Bd6 9. e4 dxe4 10. Nxe4 cxd4
11. Nxd6+ Qxd6 12. Bb5 O-O 13. Bxc6 bxc6 14. Qxd4 Rfd8 15. Bf4 Qd5 16. Qxd5 Rxd5 17. g4 Bg6 18. Rad1 Rad8 19. Rd2 Rxd2 20. Nxd2 h5
21. f3 Rd3 22. Rf2 Nd5 23. Be5 f6 24. Bd4 a6 25. Bc5 Kf7 26. Kh2 Ne3 27. Bxe3 Rxe3 28. Nc4 Rd3 29. Kg3 hxg4 30. hxg4 e5
31. Rd2 e4 32. Rxd3 exd3 33. b4 Ke6 34. Kf2 Kd5 35. Nd2 c5 36. a3 cxb4 37. axb4 Be8 38. Ke3 Bb5 39. f4 g5 40. f5 Bc4=
41. Nxc4 Kxc4 42. Kd2 Kb5 43. Kxd3 Kc6 44. Kc4 Kd6 45. Kd4 Kc6 46. c4 Kd6 47. Ke4 Kc6 48. b5+
1-0

[Event "Ñandu Loco"]
[Site "SchemingMind.com"]
[Date "2009.06.28"]
[Round "-"]
[White "THart"]
[Black "crespov"]
[Result "0-1"]
[WhiteCountry "USA"]
[BlackCountry "CHI"]
[WhiteElo "1764"]
[WhiteRD "70"]
[BlackElo "1707"]
[BlackRD "70"]
[GameID "210309"]

1. d4 d5 2. Nf3 Bf5 3. e3 Nf6 4. Bd3 Bxd3 5. Qxd3 h6 6. O-O a6 7. Nbd2 e6 8. Re1 Be7 9. e4 dxe4 10. Nxe4 O-O
11. Ne5 Nbd7 12. Nxf6+ Bxf6 13. Ng4 Bg5 14. Bxg5 Qxg5 15. Ne5 Nxe5 16. Rxe5 Qf6 17. Rae1 Rad8 18. c3 Rd7 19. R1e3 Rfd8 20. Qe4 c6
21. Rf3 Qe7 22. Kf1 Rd5 23. Rxd5 cxd5 24. Qf4 Rd7 25. Rg3 Kh7 26. Re3 Qd6 27. Qxd6 Rxd6 28. b4 b6 29. a4 g5 30. g3 Kg6
31. g4 f5 32. f3 Kf6 33. h3 Rd7 34. Ke2 Rh7 35. gxf5 Kxf5 36. Re5+ Kf6 37. Kf2 Rc7 38. Re3 Kf5 39. Kg3 Rc4 40. Re5+ Kf6
41. Re3 a5 42. h4 axb4 43. hxg5+ hxg5 44. cxb4 Rxb4 45. Rd3 Rxa4 46. f4 gxf4+ 47. Kxf4 Rc4 48. Ke3 b5 49. Rb3 b4 50. Kd3 Kf5
51. Ke3 e5 52. dxe5 Kxe5 53. Kd3 Kd6 54. Rb1 Kc5 55. Ra1 Kb5
0-1

[Event "Ñandu Loco"]
[Site "SchemingMind.com"]
[Date "2009.06.28"]
[Round "-"]
[White "THart"]
[Black "Quanah4"]
[Result "1-0"]
[WhiteCountry "USA"]
[BlackCountry "USA"]
[WhiteElo "1735"]
[WhiteRD "68"]
[BlackElo "1631"]
[BlackRD "76"]
[GameID "210310"]

1. d4 d5 2. Nf3 e6 3. e3 c5 4. c3 Nc6 5. Bd3 c4 6. Bc2 Nf6 7. Nbd2 b5 8. O-O Bb7 9. e4 dxe4 10. Nxe4 Be7
11. Nxf6+ Bxf6 12. Be4 Qc7 13. Be3 O-O 14. Bg5 Bxg5 15. Nxg5 g6 16. Qf3 f5 17. Nxe6 fxe4 18. Qxf8+ Rxf8 19. Nxc7 a6 20. d5 Nd8
21. Rad1 Nf7 22. Rfe1 Nd6 23. Ne6 Rf5 24. Nc7 Kf7 25. f3 exf3 26. gxf3 Rxf3 27. Rf1 Rxf1+ 28. Kxf1 Ke7 29. Ne6 Bc8 30. Re1 Kf6
31. Kg2 Nf5 32. Nc5 Nd6 33. Kf3 Kf5 34. h4 h5 35. Rg1 Nf7 36. Ke3 Ne5 37. Rg5+ Kf6 38. Ne4+ Kg7 39. Rxe5 Bb7 40. Re7+ Kf8
41. Rxb7 a5 42. Rxb5
1-0

[Event "Ñandu Loco"]
[Site "SchemingMind.com"]
[Date "2009.06.27"]
[Round "-"]
[White "THart"]
[Black "Ronald R. Nurmi"]
[Result "1/2-1/2"]
[WhiteCountry "USA"]
[BlackCountry "USA"]
[WhiteElo "1764"]
[WhiteRD "70"]
[BlackElo "1739"]
[BlackRD "71"]
[GameID "210311"]

1. e4 d5 2. exd5 Qxd5 3. Nc3 Qd6 4. d4 Nf6 5. Nf3 a6 6. Be3 e6 7. Qd2 Be7 8. O-O-O O-O 9. h4 b5 10. Ne5 Nbd7
11. Nxd7 Bxd7 12. Bf4 Qb6 13. f3 Rfd8 14. g4 c5 15. h5 cxd4 16. Qxd4 Qxd4 17. Rxd4 Bc6 18. Rxd8+ Rxd8 19. Be2 Nd5 20. Nxd5 Bxd5
21. Rd1 Kf8 22. g5 Rc8 23. b3 Ba3+ 24. Kb1 Rc3 25. Rd3 Rc8 26. c3 Be7 27. Kb2 Ke8 28. Bf1 Kf8=
1/2-1/2

[Event "Ñandu Loco"]
[Site "SchemingMind.com"]
[Date "2009.06.27"]
[Round "-"]
[White "Miael_"]
[Black "THart"]
[Result "1-0"]
[WhiteCountry "ARG"]
[BlackCountry "USA"]
[WhiteElo "1829"]
[WhiteRD "84"]
[BlackElo "1735"]
[BlackRD "68"]
[GameID "210312"]

1. e4 c6 2. d4 d5 3. Nc3 dxe4 4. Nxe4 Nd7 5. Nf3 Ngf6 6. Nxf6+ Nxf6 7. Be2 Bg4 8. O-O Bxf3 9. Bxf3 e6 10. Re1 Bd6
11. Bg5 O-O 12. c3 h6 13. Bxf6 Qxf6 14. Rc1 Rad8 15. Rc2 Bc7 16. Re4 Rd5 17. Be2 Rfd8 18. Bc4 Rg5 19. Rd2 Qg6 20. Qf3 Rf5
21. Qe3 Rh5 22. g3 b5 23. Bd3 Qg5 24. Rd1 Rd5 25. Be2 Qxe3 26. Rxe3 Rhg5 27. h4 Rg6 28. Bd3 f5 29. Bc2 Kf7 30. Rde1 Bd6
31. Kh1 h5 32. Bb3 c5 33. Bxd5 exd5 34. Rf3 Kf6 35. Rfe3 Kf7 36. R1e2 c4 37. Re8 a6 38. Rd8 f4 39. gxf4 Bxf4 40. Rxd5 Rf6
41. Rxh5 Kg6 42. Rd5 Kh6 43. b3 cxb3 44. axb3 Bd6 45. c4 bxc4 46. bxc4 Bb4 47. c5 a5 48. Rd6 Bc3 49. Rxf6+ gxf6 50. d5 Be5
51. d6 Kg7 52. Rxe5
1-0

[Event "Ñandu Loco"]
[Site "SchemingMind.com"]
[Date "2009.06.27"]
[Round "-"]
[White "fouche"]
[Black "THart"]
[Result "1-0"]
[WhiteCountry "COL"]
[BlackCountry "USA"]
[WhiteElo "1630"]
[WhiteRD "61"]
[BlackElo "1735"]
[BlackRD "68"]
[GameID "210313"]

1. d4 b6 2. e4 Bb7 3. Bd3 Nf6 4. Nc3 e6 5. Be3 Bb4 6. f3 O-O 7. Ne2 d5 8. e5 Nfd7 9. O-O Be7 10. Nf4 Bg5
11. Bd2 Qe7 12. Nh3 Bxd2 13. Qxd2 Qh4 14. f4 h6 15. Qe3 c6 16. Rf3 f5 17. Nf2 Kf7 18. Rf1 Rh8 19. Rh3 Qe7 20. Qe2 g6
21. g4 a5 22. gxf5 exf5 23. Nfd1 Ba6 24. Rf2 Bxd3 25. Qxd3 Nf8 26. Ne2 Ne6 27. Ne3 Nd7 28. b3 Nc7 29. c4 Qe6 30. Rg2 b5
31. c5 Rag8 32. Rhg3 Nf8 33. h4 Ke8 34. h5 gxh5 35. Nxf5 Rxg3 36. Rxg3 Kd8 37. Nd6 Rg8 38. f5 Rxg3+ 39. Qxg3 Qe7 40. Nf4 Ne8
41. Kh2 Qg7 42. Nxe8 Qxg3+ 43. Kxg3 Kxe8 44. Nxh5 b4 45. Kf4 Ke7 46. f6+ Kf7 47. Ng7 Ng6+ 48. Kg4 Nxe5+ 49. dxe5 Kg6 50. Ne6 h5+
51. Kh4
1-0